| 000 | 004710000a22001810004500 | ||
|---|---|---|---|
| 003 | MACL | ||
| 005 | 20150915124456.0 | ||
| 008 | 150915b xxu||||| |||| 00| 0 eng d | ||
| 040 |
_aMACL _cMACL |
||
| 041 | _aEnglish | ||
| 082 | _a823/MUK | ||
| 100 |
_aMukundan, Monisha _99179 |
||
| 245 | _aThe Namaste Books Of Indian Short Stories | ||
| 260 |
_bUbs Publishers Distributors Ltd. _c1994 _aNew Delhi |
||
| 350 | _a75 | ||
| 650 |
_aFicition _911045 |
||
| 942 |
_cBK _k823 _2ddc |
||
| 999 |
_c3032 _d3032 |
||